000 00809cab a2200241 4500
001 ABS47572
008 090401t1992 xxu||||| |||| 00| 0 eng d
035 _a(Sirsi) u62519
041 _aeng
100 _aChappell, D.
245 4 _aThe powers of architects
260 _c1992
350 _a0
490 _aArchitects` Journal
_v16 December 1992, 26(1)
520 _aReviews the "West Faulkner Associates v Newham LBC" case which highlights the fact that architects have a legal obligation to exercise their contractual powers wherever appropriate. (WB 2847-07)
650 _aARCHITECTS' FEES
650 _aARCHITECTS
650 _aBUILT ENVIRONMENT-BUILDING CONTRACT FORMS
650 _aNEGLIGENCE
690 _aBUILT ENVIRONMENT-BUILDING CONTRACT FORMS
942 _n0
948 _c04/03/1997
999 _c38836
_d38836